logo

Bir Sreshtho Munshi Abdur Rouf Library
Jhenaidah Cadet College

An introduction to the study of literature / (Record no. 8897)

MARC details
000 -LEADER
fixed length control field 00717cam a2200241 a 4500
001 - CONTROL NUMBER
JCCL Control Number 8897
003 - CONTROL NUMBER IDENTIFIER
JCCL marc code BD-JhCC
005 - DATE AND TIME OF LATEST TRANSACTION
control field 20180925122504.0
008 - FIXED-LENGTH DATA ELEMENTS--GENERAL INFORMATION
fixed length control field 980323s1910 enk 000 0 eng d
035 ## - SYSTEM CONTROL NUMBER
system control number BD-JhCC
035 ## - SYSTEM CONTROL NUMBER
system control number (BD-JhCC)8897
035 ## - SYSTEM CONTROL NUMBER
system control number (UkLCURL)o600p3064986
040 ## - CATALOGING SOURCE
Original cataloging agency Washington, D.C. Public Library
Modifying agency ISM
-- ISM
-- GZM
-- EUM
-- CUD
-- BD-JhCC
041 ## - LANGUAGE CODE
Language code of Book eng
082 ## - DEWEY DECIMAL CLASSIFICATION NUMBER
Author mark and Year HUD 1910
Classification number 807
100 1# - MAIN ENTRY--PERSONAL NAME
Personal name Hudson, William Henry,
Dates associated with a name 1862-1918.
245 13 - TITLE STATEMENT
Title An introduction to the study of literature /
Statement of responsibility, etc by William Henry Hudson.
260 ## - PUBLICATION, DISTRIBUTION, ETC. (IMPRINT)
Place of publication, distribution, etc London :
Name of publisher, distributor, etc G.G. Harrap & Company,
Date of publication, distribution, etc 1910.
300 ## - PHYSICAL DESCRIPTION
Pagination 432 p. ;
Dimensions 20 cm.
650 #0 - SUBJECT ADDED ENTRY--TOPICAL TERM
Topical term or geographic name as entry element Literature
General subdivision Study and teaching.
942 ## - ADDED ENTRY ELEMENTS (KOHA)
Source of classification or shelving scheme Dewey Decimal Classification
Koha item type Books
Holdings
Source of classification or shelving scheme Damaged status Not for loan Home library Current library Shelving location Total Checkouts Full call number Barcode Date last seen Copy number Koha item type
Dewey Decimal Classification     JCC Rouf Library JCC Rouf Library General Stacks   807 HUD 1910 11914 03/05/2018 C - 1 Books

JCC Library | Contacts | JCC Home

Last Update on 23 September 2017
Copyright @ 2017-2020 JCC Rouf Library
Rouf Library, Jhenidah Cadet College (JCC), Bangladesh